LEADER 00992nam a2200253 i 4500 001 000000119798 003 CaOOAMICUS 005 20050503000000.0 008 050503s1975 it u000 u ita u 013 $a92492 040 $aSeMil$bita 245 13$aLa critica e Gadda /$ca cura di Giorgio Patrizi. 260 $aBologna :$bCappelli,$ccopyr. 1975. 300 $a331 p. ;$c19 cm. 490 0 $aUniversale Cappelli ;$v145 500 $aContiene : Bibliografia. 650 4$aGadda, Carlo Emilio <1893-1973> - Opere - Studi.$0(OLS)http://semarc/subject/22469 700 1 $aPatrizi, Giorgio.$0(OLS)http://semarc/name/35738 830 0$aUniversale Cappelli ;$v145.$0(OLS)http://semarc/title/12531 850 $aSeMil 852 $aSeMil$W1$xVenegono$y1$m1B II 72$j75005$B75005$CSeMilBibl$Z2$F96912 $81 961 $aOmaggio: Poma mons. Gianfranco 996 $6245$aLa critica e Gadda$9(OLS)http://semarc/title/176162 996 $6260$aBologna :$bCappelli$9(OLS)http://semarc/publisher/29689 LEADER 00683naa a2200157 i 4500 001 000000306240 003 CaOOAMICUS 005 20180831172853.0 008 180831n it u000 u ita u 013 $a14669 040 $aSeMil$bita 100 1 $aCullmann, Oscar,$d<1902-1999>.$0(OLS)http://semarc/name/13511 245 10$aSan Pietro. Discepolo-Apostolo-Martire. 600 04$aPietro .$0(OLS)http://semarc/subject/1127 773 0 $aCullmann, Oscar <1902-1999>$tPrimato di Pietro nel pensiero cristiano contemporaneo.$dBologna : Il Mulino, 1965.$kCollana di studi religiosi$gp.5-349$w()41698 996 $6245$aSan Pietro. Discepolo-Apostolo-Martire$9(OLS)http://semarc/title/381663